000
00224 a2200097 4500
001
24805
100
_a
Magee, J.F
245
_a
Production planning inventory control
260
_a
_b
McGraw-Hill
_c
1967
090
_c
16758
_d
16758
942
_a
NUST-CAE
_c
M
_c
7511
999
_c
259878
_d
259878